Normal view MARC view
  • PAREEK, UDAI

Entry Personal Name

Number of records used in: 1

001 - CONTROL NUMBER

  • control field: 4778

003 - CONTROL NUMBER IDENTIFIER

  • control field: OSt

005 - DATE AND TIME OF LATEST TRANSACTION

  • control field: 20180813114521.0

008 - FIXED-LENGTH DATA ELEMENTS

  • fixed length control field: 180813|| aca||aabn | a|a d

040 ## - CATALOGING SOURCE

  • Original cataloging agency: OSt
  • Transcribing agency: OSt

100 ## - HEADING--PERSONAL NAME

  • Personal name: PAREEK, UDAI

670 ## - SOURCE DATA FOUND

  • Source citation: Work cat.: (OSt)2997: PAREEK, UDAI, Training Instruments in HRD and O.D.